Governors of Louisiana by Picture - Statistics

General Stats
  • This quiz has been taken 9 times
    4 since last reset
  • The average score is 21 of 57
Answer Stats
Picture Hint Answer % Correct
2008-2016 Bobby Jindal
100%
1988-1992 Buddy Roemer
100%
1939-1940 | 1948-1952 | 1956-1960 Earl Long
100%
1972-1980 | 1984-1988 | 1992-1996 Edwin Edwards
100%
1928-1932 Huey Long
100%
2016-2024 John Bel Edwards
100%
2024-Present Jeff Landry
75%
2004-2008 Kathleen Blanco
75%
1980-1984 Dave Treen
50%
1996-2004 Mike Foster
50%
1892-1900 Murphy J. Foster
50%
1843-1846 Alexandre Mouton
25%
1932 Alvin Olin King
25%
1831-1835 | 1839-1843 Andre B. Roman
25%
1829-1830 Arnaud Beauvais
25%
1867-1868 Benjamin Flanders
25%
1835-1839 Edward Douglas White Sr.
25%
1877-1880 | 1888-1892 Francis T. Nicholls
25%
1862-1864 George Foster Shepley
25%
1868-1872 Henry C. Warmoth
25%
1824-1828 Henry Johnson
25%
1924-1926 Henry L. Fuqua
25%
1824 Henry S. Thibodaux
25%
1864-1865 Henry Watkins Allen
25%
1846-1850 Isaac Johnson
25%
1830-1831 Jacques Dupré
25%
1816-1820 Jacques Villeré
25%
1936 James A. Noe
25%
1865-1867 James Madison Wells
25%
1908-1912 Jared Y. Sanders Sr.
25%
1944-1948 | 1960-1964 Jimmie Davis
25%
1873 John McEnery
25%
1964-1972 John McKeithen
25%
1920-1924 John M. Parker
25%
1850-1853 Joseph Marshall Walker
25%
1868 Joshua Baker
25%
1880-1881 Louis A. Wiltz
25%
1912-1916 Luther E. Hall
25%
1864-1865 Michael Hahn
25%
1904-1908 Newton C. Blanchard
25%
1926-1928 Oramel H. Simpson
25%
1932-1936 Oscar K. Allen
25%
1853-1856 Paul Octave Hébert
25%
1872-1873 P. B. S. Pinchback
25%
1828-1829 Pierre Derbigny
25%
1936-1939 Richard W. Leche
25%
1856-1860 Robert C. Wickliffe
25%
1952-1956 Robert F. Kennon
25%
1916-1920 Ruffin G. Pleasant
25%
1940-1944 Sam H. Jones
25%
1881-1888 Samuel D. McEnery
25%
1877 Stephen B. Packard
25%
1820-1824 Thomas B. Robertson
25%
1860-1864 Thomas Overton Moore
25%
1803-1816 William C. C. Claiborne
25%
1873-1877 William Pitt Kellogg
25%
1900-1904 William Wright Heard
25%
No matching quizzes found
Score Distribution
Percent of People with Each Score
Percentile by Number Answered
Your Score History
You have not taken this quiz since the last reset